000 01607nam a2200421 i 4500
001 24913
003 FlNmELB
005 20241216215759.0
006 m o d |
007 cr cnu||||||||
008 150128s2011 sp ob 000 0 spa d
020 _a9788431327118
020 _a9788431353575 (e book)
035 _a(MiAaPQ)EBC3207763
035 _a(Au-PeEL)EBL3207763
035 _a(CaPaEBR)ebr10647024
035 _a(OCoLC)1105900735
040 _aFINmELB
_bspa
_erda
_cFINmELB
050 4 _aBD450
_bG215 2011
080 _a113/119
082 0 _a128
_223
100 1 _aGarcía Cuadrado, José Ángel.
245 1 0 _aAntropología filosófica :
_buna introducción a la filosofía del hombre /
_cJosé Ángel García Cuadrado.
250 _aQuinta edición, primera reimpresión.
264 1 _aPamplona :
_bEUNSA,
_c2011.
300 _a1 recurso en línea (271 páginas)
336 _atexto
_btxt
_2rdacontent/spa
337 _acomputadora
_bc
_2rdamedia/spa
338 _arecurso en línea
_bcr
_2rdacarrier/spa
504 _aContiene bibliografía.
588 _aDescripción basada en recurso en línea; Título de la página del título en PDF (e-libro, visto Januar 28, 2015).
590 _aRecurso electrónico. Santa Fe, Arg.: e-libro, 2015. Disponible vía World Wide Web. El acceso puede estar limitado para las bibliotecas afiliadas a e-libro.
650 0 _aPhilosophical anthropology.
650 4 _aAntropología filosófica.
655 4 _aLibros electrónicos.
797 2 _ae-libro, Corp.
856 4 0 _uhttps://elibro.net/ereader/politecnicointernacional/47098
999 _c24913
_d24913